Guess The Brands - Statistics

General Stats
  • This quiz has been taken 256 times
  • The average score is 12 of 16
Answer Stats
Picture Answer % Correct
lego
96%
sprite
96%
tiktok
92%
lays
91%
puma
91%
spotify
91%
safari
84%
firefox
81%
skype
81%
chanel
75%
tide
63%
warner brothers
58%
jif
54%
cheerios
53%
kodak
34%
cbs
30%
No matching quizzes found
Score Distribution
Percent of People with Each Score
Percentile by Number Answered
Your Score History
You have not taken this quiz